书目信息 |
| 题名: |
朗文·外研社新概念英语
|
|
| 作者: | 亚历山大 , 何其莘 编著 | |
| 分册: | 1 | |
| 出版信息: | 北京 外语教学与研究出版社 1997 |
|
| 页数: | 295页 | |
| 开本: | 26cm | |
| 丛书名: | ||
| 单 册: | ||
| 中图分类: | H31 | |
| 科图分类: | ||
| 主题词: | 英语 | |
| 电子资源: | ||
| ISBN: | 7-5600-1346-5 | |
| 000 | 00665nam0 2200217 45 | |
| 001 | 0110301453 | |
| 005 | 20070702150152.46 | |
| 010 | @a7-5600-1346-5@dCNY23.90 | |
| 100 | @a20011030d1997 km y0chiy0120 ea | |
| 101 | 0 | @aeng |
| 200 | 1 | @a朗文·外研社新概念英语@ALang Wen·Wai Yan She Xin Gai Nian Ying Yu@h1@f(英)亚历山大,何其莘编著@F(Ying)Ya Li Shan Da,He Qi Shen Bian Zhu |
| 205 | @a新版 | |
| 210 | @a北京@c外语教学与研究出版社@a香港@c朗文出版亚洲有限公司@d1997 | |
| 215 | @a295页@d26cm | |
| 500 | @a新概念英语 | |
| 606 | 0 | @a英语 |
| 690 | @aH31@v4 | |
| 701 | @a亚历山大@4编著 | |
| 701 | 0 | @a何其莘@4编著 |
| 801 | @aCN@bTSTC@c20070702 | |
| 905 | @dH31@e264:1=2 | |
| 朗文·外研社新概念英语.1/(英)亚历山大,何其莘编著.-新版.-北京:外语教学与研究出版社;香港:朗文出版亚洲有限公司,1997 |
| 295页;26cm |
| ISBN 7-5600-1346-5:CNY23.90 |
| ● |
| 相关链接 |
|
|
|
|
正题名:朗文·外研社新概念英语
索取号:H31/264:1=2
 
预约/预借
| 序号 | 登录号 | 条形码 | 馆藏地/架位号 | 状态 | 备注 |
| 1 | 0300103 | 203001036 | 第四借阅区/ [索取号:H31/264:1=2] | 在馆 | |
| 2 | 0300104 | 203001045 | 第四借阅区/ [索取号:H31/264:1=2] | 在馆 | |
| 3 | 0300105 | 203001054 | 第四借阅区/ [索取号:H31/264:1=2] | 在馆 | |
| 4 | 0300106 | 203001063 | 第四借阅区/ [索取号:H31/264:1=2] | 在馆 | |
| 5 | 0300107 | 203001072 | 第四借阅区/ [索取号:H31/264:1=2] | 在馆 | |
| 6 | 0300108 | 203001081 | 第四借阅区/ [索取号:H31/264:1=2] | 在馆 | |
| 7 | 0300109 | 203001090 | 第四借阅区/ [索取号:H31/264:1=2] | 在馆 | |
| 8 | 0300110 | 203001107 | 第四借阅区/ [索取号:H31/264:1=2] | 在馆 | |
| 9 | 0300111 | 203001116 | 第四借阅区/ [索取号:H31/264:1=2] | 在馆 | |
| 10 | 0300112 | 203001125 | 第二样本阅览室/ [索取号:H31/264:1=2] | 在馆 | |
| 11 | 0387237 | 203872372 | 第四借阅区/ [索取号:H31/264:1=2] |
已借出,限还日期为2013.10.08 借出人:阚小庆 |
|
| 12 | 0387238 | 203872381 | 第四借阅区/ [索取号:H31/264:1=2] |
已借出,限还日期为2028.10.03 借出人:田 园 |
|
| 13 | 0387239 | 203872390 | 第四借阅区/ [索取号:H31/264:1=2] | 在馆 | |
| 14 | 0387240 | 203872407 | 第四借阅区/ [索取号:H31/264:1=2] | 在馆 | |
| 15 | 0387241 | 203872416 | 第四借阅区/ [索取号:H31/264:1=2] | 在馆 | |
| 16 | 0387242 | 203872425 | 第四借阅区/ [索取号:H31/264:1=2] | 在馆 | |
| 17 | 0387243 | 203872434 | 第四借阅区/ [索取号:H31/264:1=2] | 在馆 | |
| 18 | 0387244 | 203872443 | 第四借阅区/ [索取号:H31/264:1=2] |
已借出,限还日期为2020.06.03 借出人:彭贤智 |
|
| 19 | 0651982 | 206519828 | 密集书库/ [索取号:H31/264:1=2] | 在馆 | |
| 20 | 0651983 | 206519837 | 密集书库/ [索取号:H31/264:1=2] | 在馆 | |
| 21 | 0764221 | 207642210 | 密集书库/ [索取号:H31/264:1=2] | 在馆 |